[Event "XX C.to Mondiale Seniores"]
[Site "Arco ITA"]
[Date "2010.10.29"]
[Round "4"]
[White "Andersson, Kaj"]
[Black "Jarvinen, Seppo"]
[WhiteElo "2093"]
[BlackElo "1902"]
[Result "1-0"]
[PlyCount "33"]
[EventDate "2010.10.26"]

1. e4 e5 2. Nf3 Nf6 3. Nc3 Nc6 4. d4 exd4 5. Nxd4 Bb4 6. Nxc6 Bxc3+ 7. bxc3
dxc6 8. Bd3 h6 9. O-O O-O 10. f4 Qd6 11. Qf3 Qc5+ 12. Be3 Qh5 13. Qg3 Qg6 14.
Qh4 Qg4 15. Qe1 Re8 16. Bd4 Nxe4 17. Bxe4 1-0

[Event "XX C.to Mondiale Seniores"]
[Site "Arco ITA"]
[Date "2010.10.29"]
[Round "4"]
[White "Battaglia, Emanuele"]
[Black "Pajcin, Jovan"]
[WhiteElo "1645"]
[BlackElo "1869"]
[Result "1-0"]
[PlyCount "67"]
[EventDate "2010.10.26"]

1. d4 d6 2. c4 g6 3. Nc3 Bg7 4. Nf3 Bg4 5. e4 Bxf3 6. gxf3 Nf6 7. Be3 Nc6 8.
Qd2 h5 9. O-O-O h4 10. h3 a5 11. d5 Ne5 12. Be2 Ned7 13. f4 Nc5 14. Bxc5 dxc5
15. e5 Nh5 16. Bg4 Nxf4 17. Kb1 Bxe5 18. Rhe1 Bd6 19. Nb5 f5 20. Nxd6+ Qxd6 21.
Bf3 Nxh3 22. Re6 Qf4 23. Qe2 Qg5 24. d6 O-O-O 25. dxe7 Rxd1+ 26. Qxd1 Re8 27.
Qd5 Qg1+ 28. Kc2 Qxf2+ 29. Kb3 a4+ 30. Ka3 c6 31. Rxc6+ Kb8 32. Qd8+ Ka7 33.
Qb6+ Kb8 34. Rc8+ 1-0

[Event "XX C.to Mondiale Seniores"]
[Site "Arco ITA"]
[Date "2010.10.29"]
[Round "4"]
[White "Belliard, Luis"]
[Black "Gardi, Giuseppe"]
[WhiteElo "2218"]
[BlackElo "2032"]
[Result "1-0"]
[PlyCount "57"]
[EventDate "2010.10.26"]

1. d4 g6 2. e4 Bg7 3. c3 d6 4. f4 d5 5. Nd2 dxe4 6. Nxe4 Nf6 7. Ng5 O-O 8. Bc4
Nd5 9. N1f3 f6 10. Ne4 Kh8 11. O-O Bf5 12. Qe1 c6 13. Nc5 Qc8 14. Nh4 Bg4 15.
f5 Bh5 16. Ne6 Qd7 17. fxg6 Bxg6 18. Nxg6+ hxg6 19. Qh4+ Kg8 20. Nxf8 Kxf8 21.
Qh7 Qg4 22. Bh6 Bxh6 23. Qxh6+ Ke8 24. Rae1 f5 25. h3 Qg3 26. Bxd5 cxd5 27. Re3
Qd6 28. Rfe1 Nd7 29. Re6 1-0

[Event "XX C.to Mondiale Seniores"]
[Site "Arco ITA"]
[Date "2010.10.29"]
[Round "4"]
[White "Belokopyt, Boris"]
[Black "Keserovic, Milan"]
[WhiteElo "2041"]
[BlackElo "2194"]
[Result "0-1"]
[PlyCount "62"]
[EventDate "2010.10.26"]

1. e4 e5 2. Nf3 Nc6 3. d4 exd4 4. Bc4 Nf6 5. O-O Nxe4 6. Re1 d5 7. Bxd5 Qxd5 8.
Nc3 Qa5 9. Nxe4 Be6 10. Bd2 Qh5 11. Bg5 Bd6 12. Nxd6+ cxd6 13. Bf4 O-O 14. Nxd4
Qxd1 15. Rexd1 Nxd4 16. Rxd4 d5 17. Rb4 b6 18. a4 Rfc8 19. c3 Rc4 20. Be3 Rxb4
21. cxb4 Rc8 22. a5 bxa5 23. Rxa5 d4 24. Bd2 Rc2 25. Bf4 h6 26. h4 d3 27. Kf1
Rxb2 28. Ke1 Re2+ 29. Kd1 Bb3+ 30. Kc1 Rc2+ 31. Kb1 Rxf2 0-1

[Event "XX C.to Mondiale Seniores"]
[Site "Arco ITA"]
[Date "2010.10.29"]
[Round "4"]
[White "Birkestrand, Odd"]
[Black "Pitkanen, Juhani"]
[WhiteElo "1913"]
[BlackElo "1731"]
[Result "1/2-1/2"]
[PlyCount "25"]
[EventDate "2010.10.26"]

1. e4 c5 2. c3 g6 3. Nf3 Bg7 4. d4 cxd4 5. cxd4 d5 6. exd5 Qxd5 7. Nc3 Qd8 8.
Bb5+ Bd7 9. Qa4 Nf6 10. Bf4 a6 11. Bxd7+ Nbxd7 12. O-O O-O 13. Rfe1 1/2-1/2

[Event "XX C.to Mondiale Seniores"]
[Site "Arco ITA"]
[Date "2010.10.29"]
[Round "4"]
[White "Bjorgvik, Jan Arne"]
[Black "Shamis, Mordehay"]
[WhiteElo "1913"]
[BlackElo "2096"]
[Result "1/2-1/2"]
[PlyCount "63"]
[EventDate "2010.10.26"]

1. e4 c5 2. Nf3 Nc6 3. d4 cxd4 4. Nxd4 e5 5. Nf3 Nf6 6. Nc3 Bb4 7. Bg5 Bxc3+ 8.
bxc3 Qa5 9. Qd3 Nxe4 10. Bd2 Nxd2 11. Nxd2 O-O 12. Be2 f5 13. O-O d5 14. Nb3
Qd8 15. Rad1 Ne7 16. c4 Be6 17. Nc5 Bf7 18. cxd5 Bxd5 19. c4 Bf7 20. Qa3 Qc8
21. Nd7 Re8 22. Nxe5 Be6 23. Rd2 Nc6 24. Nf3 Qc7 25. Ng5 h6 26. Nxe6 Rxe6 27.
Rfd1 Re7 28. c5 Rae8 29. Bf1 a6 30. Qb3+ Kh7 31. Qd5 Qe5 32. Qc4 1/2-1/2

[Event "XX C.to Mondiale Seniores"]
[Site "Arco ITA"]
[Date "2010.10.29"]
[Round "4"]
[White "Blaushtain, Boris"]
[Black "Rosino, Antonio"]
[WhiteElo "2139"]
[BlackElo "2237"]
[Result "1/2-1/2"]
[PlyCount "39"]
[EventDate "2010.10.26"]

1. c4 e5 2. Nc3 Nf6 3. g3 c6 4. d4 exd4 5. Qxd4 d5 6. Bg2 Be6 7. cxd5 cxd5 8.
Bg5 Be7 9. e3 Nc6 10. Qd2 O-O 11. Nge2 Qa5 12. O-O Rfe8 13. Nd4 h6 14. Bxf6
Bxf6 15. Rad1 Nxd4 16. exd4 Qb6 17. h3 Rac8 18. b3 Red8 19. Rfe1 Qa5 20. Ne4
1/2-1/2

[Event "XX C.to Mondiale Seniores"]
[Site "Arco ITA"]
[Date "2010.10.29"]
[Round "4"]
[White "Cao, Jorge"]
[Black "Sloth, Jorn"]
[WhiteElo "2144"]
[BlackElo "2302"]
[Result "1/2-1/2"]
[PlyCount "29"]
[EventDate "2010.10.26"]

1. d4 Nf6 2. c4 e6 3. Nc3 Bb4 4. e3 b6 5. Nf3 Ne4 6. Bd2 Bxc3 7. Bxc3 Nxc3 8.
bxc3 Bb7 9. Bd3 Qe7 10. e4 Nc6 11. O-O O-O 12. e5 f5 13. Qe2 Rae8 14. Rfe1 Nd8
15. Rad1 1/2-1/2

[Event "XX C.to Mondiale Seniores"]
[Site "Arco ITA"]
[Date "2010.10.29"]
[Round "4"]
[White "Caramaschi, Vincenzo"]
[Black "Strohbusch, Frank"]
[WhiteElo "1669"]
[BlackElo "1901"]
[Result "0-1"]
[PlyCount "68"]
[EventDate "2010.10.26"]

1. e4 e6 2. d4 d5 3. Nd2 c5 4. dxc5 Bxc5 5. Nb3 Bb6 6. exd5 exd5 7. Nf3 Nc6 8.
c3 Nge7 9. Bg5 O-O 10. Bd3 Qd6 11. Qd2 Ng6 12. O-O h6 13. Be3 Bc7 14. Bc5 Qf6
15. Bxf8 Kxf8 16. Bxg6 Qxg6 17. g3 Qh5 18. Qe3 Bg4 19. Nh4 g5 20. f3 Bh3 21.
Ng2 Re8 22. Qd2 g4 23. f4 Bb6+ 24. Kh1 d4 25. Rfe1 Rd8 26. cxd4 Nxd4 27. Nxd4
Rxd4 28. Qe2 Qd5 29. Qe7+ Kg8 30. Re2 Bxg2+ 31. Rxg2 Rd1+ 32. Qe1 Rxe1+ 33.
Rxe1 Qxa2 34. h3 gxh3 0-1

[Event "XX C.to Mondiale Seniores"]
[Site "Arco ITA"]
[Date "2010.10.29"]
[Round "4"]
[White "Cebalo, Miso"]
[Black "Simon Padros, Emili"]
[WhiteElo "2493"]
[BlackElo "2241"]
[Result "1/2-1/2"]
[PlyCount "78"]
[EventDate "2010.10.26"]

1. d4 e6 2. c4 f5 3. Nc3 Nf6 4. Nf3 Bb4 5. Qb3 Bxc3+ 6. Qxc3 O-O 7. g3 b6 8.
Bg2 Bb7 9. O-O d6 10. b3 Nbd7 11. Bb2 Qe7 12. Rad1 Be4 13. Rfe1 Rae8 14. Bc1 h6
15. Bf1 Qf7 16. Nd2 Ba8 17. f3 Qh5 18. Bg2 e5 19. dxe5 Nxe5 20. Nf1 Re7 21. Bb2
Rfe8 22. Qd2 Ned7 23. Bc3 a5 24. Qc2 Nh7 25. Rd4 Rf8 26. g4 fxg4 27. Rxg4 Qf5
28. Qxf5 Rxf5 29. Ng3 Rff7 30. Kf2 Ne5 31. Rd4 Bc6 32. h3 Bd7 33. Rg1 Ng5 34.
Rh1 Ne6 35. Rd2 Nf4 36. Bf1 Bc6 37. Bxe5 Rxe5 38. h4 Rfe7 39. h5 Be8 1/2-1/2

[Event "XX C.to Mondiale Seniores"]
[Site "Arco ITA"]
[Date "2010.10.29"]
[Round "4"]
[White "Cesati Cassin, Giorgio"]
[Black "De Nisi, Giuseppe"]
[WhiteElo "1598"]
[BlackElo "1816"]
[Result "0-1"]
[PlyCount "72"]
[EventDate "2010.10.26"]

1. e4 e6 2. d4 d5 3. e5 c5 4. c3 Qb6 5. Nf3 Nc6 6. Be2 Bd7 7. O-O f6 8. exf6
gxf6 9. b3 O-O-O 10. a4 a6 11. Be3 Na5 12. Nbd2 Nc6 13. Qc2 Kb8 14. Rfb1 cxd4
15. Nxd4 Qc7 16. b4 Nxd4 17. Bxd4 e5 18. Bc5 Nh6 19. Bxf8 Bf5 20. Qb3 Rhxf8 21.
Rc1 Rg8 22. c4 d4 23. Bd3 Bh3 24. g3 f5 25. Bf1 Bxf1 26. Nxf1 e4 27. c5 f4 28.
Re1 Qe7 29. Rad1 Nf5 30. Kh1 e3 31. Re2 Qe4+ 32. f3 Qxf3+ 33. Rg2 Nh4 34. Qc2
Nxg2 35. Qxg2 Qxd1 36. c6 f3 0-1

[Event "XX C.to Mondiale Seniores"]
[Site "Arco ITA"]
[Date "2010.10.29"]
[Round "4"]
[White "Chehlov, Aleksander"]
[Black "Pushkov, Nikolai"]
[WhiteElo "2259"]
[BlackElo "2466"]
[Result "0-1"]
[PlyCount "120"]
[EventDate "2010.10.26"]

1. d4 Nf6 2. c4 e6 3. Nc3 d5 4. cxd5 exd5 5. Bg5 Be7 6. e3 c6 7. Bd3 Nbd7 8.
Nf3 h6 9. Bf4 O-O 10. h3 Re8 11. O-O Nf8 12. Qc2 Bd6 13. Bxd6 Qxd6 14. Rab1 Be6
15. b4 a6 16. a4 N8d7 17. a5 Rad8 18. Na4 Nf8 19. Nc5 Bc8 20. Rfe1 Qe7 21. Ne5
Ne4 22. f4 f6 23. Nf3 g5 24. fxg5 hxg5 25. Bxe4 dxe4 26. Nd2 f5 27. Nc4 Ng6 28.
Nb6 Be6 29. Rf1 Rf8 30. Nxe6 Qxe6 31. Na4 Rf7 32. Nc5 Qd5 33. Rbd1 Re8 34. Rfe1
Rfe7 35. Qb3 f4 36. Qxd5+ cxd5 37. Rc1 Rf7 38. Rc2 Nh4 39. Nb3 Ref8 40. Rf2 f3
41. g3 Ng2 42. Rxg2 fxg2 43. Re2 Rf1+ 44. Kxg2 Rb1 45. Nc5 Rxb4 46. Ne6 Rc8 47.
Nxg5 Rbc4 48. g4 Rc2 49. Rxc2 Rxc2+ 50. Kg3 Ra2 51. h4 Rxa5 52. h5 Rb5 53. Ne6
a5 54. Nc7 Rb3 55. Nxd5 a4 56. g5 a3 57. h6 Kf7 58. Kf4 a2 59. Kf5 Rb5 60. g6+
Kg8 0-1

[Event "XX C.to Mondiale Seniores"]
[Site "Arco ITA"]
[Date "2010.10.29"]
[Round "4"]
[White "Chernikov, Oleg L."]
[Black "Huss, Benjamin"]
[WhiteElo "2425"]
[BlackElo "2178"]
[Result "1-0"]
[PlyCount "106"]
[EventDate "2010.10.26"]

1. d4 Nf6 2. c4 g6 3. Nc3 Bg7 4. e4 d6 5. f3 Nbd7 6. Be3 e5 7. Nh3 a6 8. Nf2
Nh5 9. Qd2 O-O 10. O-O-O Nf4 11. d5 b5 12. cxb5 axb5 13. Kb1 b4 14. Nb5 b3 15.
axb3 Ba6 16. g3 Qb8 17. Qb4 Ng2 18. Bxg2 Bxb5 19. Bf1 Bxf1 20. Qxb8 Rfxb8 21.
Rhxf1 Rxb3 22. Rd3 Rb7 23. Rc3 f5 24. Nd3 fxe4 25. fxe4 Nf6 26. Rc4 Ra3 27. Kc2
Rab3 28. Bg5 Nd7 29. Rc3 Nc5 30. Rxb3 Nxb3 31. Be3 h6 32. g4 Bf8 33. Kc3 Nd4
34. Bxd4 exd4+ 35. Kxd4 Bg7+ 36. Kc4 Ra7 37. Kb5 Bd4 38. Kc6 g5 39. Rc1 Kf7 40.
Kd7 c5+ 41. Kxd6 Ra6+ 42. Kd7 Ra7+ 43. Kc6 Ra6+ 44. Kb5 Ra2 45. e5 Ke7 46. d6+
Ke6 47. Nxc5+ Bxc5 48. Kxc5 Rxb2 49. Rd1 Rb8 50. d7 Rd8 51. Kc6 Kxe5 52. Kc7
Rg8 53. d8=Q Rxd8 1-0

[Event "XX C.to Mondiale Seniores"]
[Site "Arco ITA"]
[Date "2010.10.29"]
[Round "4"]
[White "Danner, Georg"]
[Black "Nordstrom, Felix"]
[WhiteElo "2422"]
[BlackElo "2184"]
[Result "1-0"]
[PlyCount "123"]
[EventDate "2010.10.26"]

1. d4 d5 2. Nf3 Nf6 3. c4 c6 4. e3 e6 5. Nbd2 Nbd7 6. Bd3 Bd6 7. O-O O-O 8. Re1
b6 9. e4 dxe4 10. Nxe4 Nxe4 11. Bxe4 Bb7 12. Bd2 Nf6 13. Qc2 Nxe4 14. Qxe4 Be7
15. Rad1 Bf6 16. b4 Ba6 17. Ne5 Qc8 18. h4 c5 19. bxc5 bxc5 20. dxc5 Bxe5 21.
Qxe5 Bxc4 22. a3 Bd5 23. Qg3 f6 24. Bf4 Qc6 25. Bd6 Rf7 26. Re3 Rb7 27. Kh2 Rd8
28. Rd4 e5 29. Rd2 Bf7 30. Red3 Rbd7 31. Qg4 Kh8 32. f3 Rg8 33. Rb2 Rb7 34.
Rbd2 Bg6 35. Rc3 Bf7 36. Qe4 Be8 37. Qg4 Bf7 38. Qf5 Be8 39. Qd3 Bf7 40. Qe3
Rc8 41. Qf2 Re8 42. Qg3 Rg8 43. Re3 Re8 44. Qg4 Rg8 45. Red3 Bg6 46. Rc3 Be8
47. Rc4 Qa6 48. Rb4 Rf7 49. Rb8 Bd7 50. Qb4 g6 51. Rxg8+ Kxg8 52. Qb8+ Kg7 53.
Bf8+ Rxf8 54. Rxd7+ Rf7 55. Rxf7+ Kxf7 56. Qc7+ Kg8 57. Qd8+ Kg7 58. Qd7+ Kh6
59. Qd6 Qc4 60. Qf8+ Kh5 61. g4+ Kxh4 62. Qh6# 1-0

[Event "XX C.to Mondiale Seniores"]
[Site "Arco ITA"]
[Date "2010.10.29"]
[Round "4"]
[White "Dydyshko, Viacheslav"]
[Black "Van Riemsdijk, Herman C."]
[WhiteElo "2547"]
[BlackElo "2390"]
[Result "1/2-1/2"]
[PlyCount "60"]
[EventDate "2010.10.26"]

1. d4 Nf6 2. c4 e6 3. Nc3 Bb4 4. e3 O-O 5. Bd3 c5 6. Nge2 Nc6 7. O-O cxd4 8.
exd4 d5 9. cxd5 Nxd5 10. Nxd5 Qxd5 11. Be3 Bd7 12. Qb1 h6 13. Be4 Qa5 14. Rd1
Qc7 15. Qc2 Bd6 16. h3 Ne7 17. Qd2 f5 18. Rac1 Qb8 19. d5 fxe4 20. dxe6 Bh2+
21. Kh1 Bxe6 22. g3 Bxg3 23. Nxg3 Bxh3 24. Bxh6 Qe5 25. Qg5 Qxg5 26. Bxg5 Nc6
27. Be3 Rad8 28. Rxd8 Rxd8 29. Nxe4 Be6 30. Nc3 a6 1/2-1/2

[Event "XX C.to Mondiale Seniores"]
[Site "Arco ITA"]
[Date "2010.10.29"]
[Round "4"]
[White "Ermenkov, Evgenij P."]
[Black "Titz, Heimo"]
[WhiteElo "2442"]
[BlackElo "2225"]
[Result "1-0"]
[PlyCount "107"]
[EventDate "2010.10.26"]

1. c4 c5 2. Nc3 Nc6 3. g3 g6 4. Bg2 Bg7 5. e3 d6 6. Nge2 Nh6 7. h4 e6 8. d3 Ng4
9. h5 Nf6 10. h6 Bf8 11. d4 Be7 12. dxc5 dxc5 13. Bxc6+ bxc6 14. Qxd8+ Kxd8 15.
e4 e5 16. f3 Be6 17. b3 Kc7 18. Be3 Rhd8 19. Na4 Nd7 20. O-O-O f6 21. Nec3 Rab8
22. Kc2 f5 23. Rdf1 fxe4 24. fxe4 Rf8 25. Nb2 Nf6 26. Bg5 Ng4 27. Rxf8 Bxf8 28.
Nd3 Bd6 29. Kd2 Rf8 30. Ke2 Nf6 31. Rf1 Nd7 32. Rxf8 Bxf8 33. Kf3 Bd6 34. Na4
a6 35. g4 Bf8 36. Bd2 Be7 37. g5 Bd6 38. Kg3 Be7 39. Be3 Bd6 40. Naxc5 Nxc5 41.
Bxc5 Bc8 42. Bxd6+ Kxd6 43. c5+ Ke6 44. b4 Bd7 45. Kf3 Bc8 46. Ke3 Bd7 47. Kd2
a5 48. bxa5 Bc8 49. Nb4 Kd7 50. a6 Kc7 51. a7 Kb7 52. Nxc6 Bd7 53. Nxe5 Be8 54.
Kc3 1-0

[Event "XX C.to Mondiale Seniores"]
[Site "Arco ITA"]
[Date "2010.10.29"]
[Round "4"]
[White "Facchetti, Gianni"]
[Black "Meinhardt, Guenther"]
[WhiteElo "2151"]
[BlackElo "1947"]
[Result "1-0"]
[PlyCount "77"]
[EventDate "2010.10.26"]

1. e4 e5 2. Nf3 Nc6 3. Bc4 Nf6 4. Nc3 Be7 5. d3 O-O 6. a3 d6 7. h3 Be6 8. Nd5
Bxd5 9. exd5 Nb8 10. O-O Nbd7 11. Ba2 c6 12. dxc6 bxc6 13. Re1 Qb8 14. b4 a5
15. Bd2 axb4 16. axb4 Nb6 17. c4 Nbd7 18. Qc2 Re8 19. Bb3 Nf8 20. c5 Qc7 21. d4
e4 22. cxd6 Qxd6 23. Ne5 Ne6 24. Bxe6 Qxe6 25. Nxc6 Rac8 26. Nxe7+ Qxe7 27. Qb3
Qc7 28. Ra5 Rcd8 29. Be3 Nd5 30. b5 f5 31. Bf4 Qf7 32. Be5 Rc8 33. b6 Nc3 34.
Qxf7+ Kxf7 35. Ra7+ Ke6 36. Rxg7 Kd5 37. Rxh7 Rxe5 38. dxe5 Kxe5 39. Rc7 1-0

[Event "XX C.to Mondiale Seniores"]
[Site "Arco ITA"]
[Date "2010.10.29"]
[Round "4"]
[White "Filzmaier, Bruno"]
[Black "Diehl, Klaus"]
[WhiteElo "1940"]
[BlackElo "2103"]
[Result "0-1"]
[PlyCount "82"]
[EventDate "2010.10.26"]

1. a3 Nf6 2. Nf3 g6 3. d4 Bg7 4. e3 O-O 5. b4 a5 6. b5 c6 7. c4 cxb5 8. cxb5 d6
9. Bb2 Be6 10. Nbd2 a4 11. Be2 Bd5 12. O-O Nbd7 13. Rc1 Nb6 14. Nc4 Nxc4 15.
Bxc4 Bxc4 16. Rxc4 Qa5 17. Qc2 Qxb5 18. Rc1 Ra6 19. Rb4 Qd7 20. Qc7 Qxc7 21.
Rxc7 Nd5 22. Rbxb7 Nxc7 23. Rxc7 Rb8 24. Bc3 Rb1+ 25. Ne1 Bf6 26. Bb4 e5 27. d5
e4 28. Kf1 Be5 29. h3 Rd1 30. Ke2 Rxd5 31. f4 exf3+ 32. Nxf3 Bf6 33. Nd4 Bxd4
34. exd4 Rb5 35. Kd3 d5 36. Rd7 Rxb4 37. axb4 a3 38. b5 Ra8 39. b6 a2 40. b7
a1=Q 41. bxa8=Q+ Qxa8 0-1

[Event "XX C.to Mondiale Seniores"]
[Site "Arco ITA"]
[Date "2010.10.29"]
[Round "4"]
[White "Finnlaugsson, Gunnar"]
[Black "Neri, Angelo"]
[WhiteElo "2072"]
[BlackElo "1900"]
[Result "1-0"]
[PlyCount "85"]
[EventDate "2010.10.26"]

1. e4 e6 2. d3 d5 3. Nd2 c5 4. Ngf3 Nc6 5. g3 Bd6 6. Bg2 Nge7 7. c3 O-O 8. O-O
Re8 9. Re1 Qc7 10. exd5 exd5 11. Ng5 Bf5 12. Nf1 h6 13. Nf3 Rad8 14. a4 c4 15.
d4 Na5 16. N3d2 Qd7 17. Ne3 Be6 18. b3 cxb3 19. Nxb3 Nxb3 20. Qxb3 Bb8 21. a5
Nc8 22. Ba3 b6 23. a6 Bd6 24. Bxd5 Bxd5 25. Qxd5 Qh3 26. Bxd6 Ne7 27. Qe5 Nc8
28. Qf5 Qxf5 29. Nxf5 Nxd6 30. Nxd6 Rxe1+ 31. Rxe1 Rxd6 32. Re8+ Kh7 33. Re7
Rc6 34. Rxa7 Rxc3 35. Rb7 Rd3 36. a7 Ra3 37. d5 Kg6 38. d6 Kf6 39. d7 Ke7 40.
Rb8 Kxd7 41. a8=Q Rxa8 42. Rxa8 Kc6 43. Kf1 1-0

[Event "XX C.to Mondiale Seniores"]
[Site "Arco ITA"]
[Date "2010.10.29"]
[Round "4"]
[White "Frugoni, Giulio"]
[Black "Mombelli, Antonio"]
[WhiteElo "1723"]
[BlackElo "1828"]
[Result "0-1"]
[PlyCount "74"]
[EventDate "2010.10.26"]

1. Nf3 d5 2. d4 Nf6 3. Bf4 c5 4. c4 Qa5+ 5. Bd2 Qb6 6. Nc3 e6 7. e3 cxd4 8. Na4
Qd8 9. exd4 Be7 10. Rc1 O-O 11. Bd3 dxc4 12. Bxc4 Nc6 13. O-O Nxd4 14. Nc3
Nxf3+ 15. gxf3 Bd7 16. Ne2 Bc6 17. Kg2 Qd7 18. Ng3 Rfd8 19. Bg5 Qe8 20. Qe2 Nd5
21. Bxd5 Bxd5 22. Bxe7 Qxe7 23. Qe3 Qf6 24. Rc3 a6 25. Rg1 Rac8 26. Rgc1 Rxc3
27. Rxc3 Bc6 28. Rd3 Rxd3 29. Qxd3 Qg5 30. Qd6 h5 31. h4 Qxh4 32. Ne4 Bxe4 33.
fxe4 Qxe4+ 34. Kf1 Qd5 35. Qb8+ Kh7 36. Qf4 Qd1+ 37. Kg2 Qg4+ 0-1

[Event "XX C.to Mondiale Seniores"]
[Site "Arco ITA"]
[Date "2010.10.29"]
[Round "4"]
[White "Galas, Franco"]
[Black "Garvani, Vittorio"]
[WhiteElo "1794"]
[BlackElo "1940"]
[Result "0-1"]
[PlyCount "150"]
[EventDate "2010.10.26"]

1. d4 Nf6 2. Nf3 d5 3. e3 g6 4. Be2 Bg7 5. c3 O-O 6. b3 Re8 7. Bb2 Nc6 8. Bb5
Bd7 9. Nbd2 a6 10. Be2 e5 11. dxe5 Ng4 12. O-O Ngxe5 13. Nxe5 Nxe5 14. f4 Nc6
15. Rf3 Bg4 16. Rg3 Bxe2 17. Qxe2 d4 18. cxd4 Nxd4 19. Bxd4 Bxd4 20. Rd1 Qe7
21. Nf1 Bb6 22. f5 Rad8 23. Rxd8 Rxd8 24. fxg6 fxg6 25. Qc4+ Qf7 26. Qe2 Qd5
27. Rf3 Re8 28. Qb2 Qe6 29. Qe2 a5 30. h4 Rf8 31. Rh3 h6 32. h5 g5 33. Qd3 c6
34. Qe2 Bc7 35. g4 b5 36. Ng3 Bxg3 37. Rxg3 Qe4 38. Qg2 Qxg2+ 39. Kxg2 Rd8 40.
Rf3 Rd2+ 41. Rf2 Rxf2+ 42. Kxf2 Kf7 43. e4 Ke6 44. Ke3 Ke5 45. a3 c5 46. Kd3
c4+ 47. bxc4 bxc4+ 48. Kxc4 Kxe4 49. a4 Kf3 50. Kb5 Kxg4 51. Kxa5 Kxh5 52. Kb5
g4 53. a5 g3 54. a6 g2 55. a7 g1=Q 56. a8=Q Qb1+ 57. Kc5 Qf5+ 58. Kd4 Qf4+ 59.
Kd3 Qb4 60. Qg8 Kh4 61. Qd8+ Kg3 62. Qg8+ Kh4 63. Ke2 h5 64. Qd8+ Kh3 65. Qd3+
Kh2 66. Qf3 Qc4+ 67. Kf2 Qc2+ 68. Ke3 Qc5+ 69. Ke2 Qg5 70. Kf2 Qg1+ 71. Ke2
Qg2+ 72. Ke3 h4 73. Qf2 h3 74. Ke2 Kh1 75. Qxg2+ hxg2 0-1

[Event "XX C.to Mondiale Seniores"]
[Site "Arco ITA"]
[Date "2010.10.29"]
[Round "4"]
[White "Giani, Franco"]
[Black "Schweiger, Georg"]
[WhiteElo "1988"]
[BlackElo "2166"]
[Result "0-1"]
[PlyCount "56"]
[EventDate "2010.10.26"]

1. e3 d5 2. d4 Nf6 3. c4 c6 4. Nc3 g6 5. Be2 Bg7 6. c5 b6 7. b4 a5 8. bxa5 bxc5
9. Rb1 Qxa5 10. Bd2 Qa7 11. Nf3 Nfd7 12. O-O O-O 13. a4 cxd4 14. exd4 Bxd4 15.
Nxd4 Qxd4 16. Qc1 Qf6 17. Bg5 Qd6 18. Rd1 Ba6 19. Bxa6 Nxa6 20. Qe3 e5 21. Qf3
f5 22. Qg3 Rab8 23. Qh4 Rb4 24. Be7 Rxh4 25. Bxd6 Ra8 26. Rb7 Ndc5 27. g3 Rc4
28. Ne2 Nxb7 0-1

[Event "XX C.to Mondiale Seniores"]
[Site "Arco ITA"]
[Date "2010.10.29"]
[Round "4"]
[White "Grinberg, Iosif P."]
[Black "Rukavina, Josip"]
[WhiteElo "2217"]
[BlackElo "2423"]
[Result "1/2-1/2"]
[PlyCount "33"]
[EventDate "2010.10.26"]

1. d4 d6 2. Nf3 g6 3. c4 Bg7 4. Nc3 Bg4 5. e3 Nf6 6. Be2 O-O 7. h3 Bf5 8. Bd3
Bxd3 9. Qxd3 Nbd7 10. O-O e5 11. Rd1 Re8 12. dxe5 dxe5 13. Ne4 Qe7 14. Nxf6+
Nxf6 15. Qb3 c6 16. Bd2 a5 17. Qc2 1/2-1/2

[Event "XX C.to Mondiale Seniores"]
[Site "Arco ITA"]
[Date "2010.10.29"]
[Round "4"]
[White "Gruzmann, Boris"]
[Black "Laco, Giuseppe"]
[WhiteElo "2236"]
[BlackElo "2126"]
[Result "1-0"]
[PlyCount "27"]
[EventDate "2010.10.26"]

1. e4 c5 2. Nf3 Nc6 3. d4 cxd4 4. Nxd4 Nf6 5. Nc3 a6 6. Nxc6 bxc6 7. e5 Ng8 8.
Bc4 d5 9. Nxd5 cxd5 10. Bxd5 Rb8 11. Bxf7+ Kxf7 12. Qxd8 g5 13. e6+ Kg7 14. Qc7
1-0

[Event "XX C.to Mondiale Seniores"]
[Site "Arco ITA"]
[Date "2010.10.29"]
[Round "4"]
[White "Gundersen, Helge"]
[Black "Rajkovic, Dusan"]
[WhiteElo "2230"]
[BlackElo "2443"]
[Result "0-1"]
[PlyCount "44"]
[EventDate "2010.10.26"]

1. b3 e5 2. Bb2 Nc6 3. e3 d6 4. Bb5 Qg5 5. Bf1 f5 6. Nf3 Qg6 7. d3 Nf6 8. Nbd2
Be7 9. Qe2 Nb4 10. Nc4 c5 11. a3 Nc6 12. d4 cxd4 13. exd4 e4 14. Ng1 O-O 15.
O-O-O b5 16. Ne3 f4 17. Qxb5 fxe3 18. Qxc6 Bd7 19. Qc4+ d5 20. Qe2 exf2 21. Nh3
Bxh3 22. gxh3 Qg1 0-1

[Event "XX C.to Mondiale Seniores"]
[Site "Arco ITA"]
[Date "2010.10.29"]
[Round "4"]
[White "Gutzeit, Avraham"]
[Black "Blasco, Domenico"]
[WhiteElo "2175"]
[BlackElo "1961"]
[Result "1-0"]
[PlyCount "49"]
[EventDate "2010.10.26"]

1. e4 g6 2. d4 Bg7 3. Nf3 d6 4. Bc4 e6 5. Nc3 Nf6 6. Qe2 O-O 7. Bg5 h6 8. Bh4
g5 9. Bg3 d5 10. e5 Nh5 11. Bd3 c5 12. dxc5 Qc7 13. O-O-O Na6 14. Rhe1 Qxc5 15.
Nxg5 Nxg3 16. Bh7+ Kh8 17. hxg3 Qe7 18. f4 f6 19. exf6 Bxf6 20. Bd3 Bxc3 21.
bxc3 hxg5 22. Rh1+ Kg8 23. Bh7+ Kg7 24. Qh5 Rf6 25. Qxg5+ 1-0

[Event "XX C.to Mondiale Seniores"]
[Site "Arco ITA"]
[Date "2010.10.29"]
[Round "4"]
[White "Hammar, Bengt"]
[Black "Pavlov, Mircea Sergiu"]
[WhiteElo "2240"]
[BlackElo "2362"]
[Result "1/2-1/2"]
[PlyCount "40"]
[EventDate "2010.10.26"]

1. e4 c5 2. Nf3 Nc6 3. d4 cxd4 4. Nxd4 g6 5. c4 Nf6 6. Nc3 d6 7. Be2 Nxd4 8.
Qxd4 Bg7 9. Be3 O-O 10. Qd2 a5 11. O-O a4 12. Rac1 Be6 13. f3 Nd7 14. Bd4 Qa5
15. Bxg7 Kxg7 16. Rfd1 Rfc8 17. Qd4+ Kg8 18. Nd5 Bxd5 19. cxd5 Rc5 20. Rxc5
Qxc5 1/2-1/2

[Event "XX C.to Mondiale Seniores"]
[Site "Arco ITA"]
[Date "2010.10.29"]
[Round "4"]
[White "Jacobsen, Bo"]
[Black "Vaisser, Anatoly V."]
[WhiteElo "2317"]
[BlackElo "2507"]
[Result "1/2-1/2"]
[PlyCount "50"]
[EventDate "2010.10.26"]

1. c4 e6 2. g3 d5 3. Nf3 Nf6 4. Bg2 Be7 5. O-O O-O 6. d4 b6 7. cxd5 exd5 8. Nc3
Bb7 9. Bf4 Na6 10. Rc1 Qd7 11. Re1 c5 12. dxc5 bxc5 13. Qb3 c4 14. Qb5 Qxb5 15.
Nxb5 Ne4 16. Nd2 f5 17. Nxe4 fxe4 18. Be3 Bc6 19. Nxa7 Ba4 20. b3 Bc5 21. Bxc5
Nxc5 22. bxa4 Rxa7 23. Red1 Rf5 24. f3 Rxa4 25. g4 Rf8 1/2-1/2

[Event "XX C.to Mondiale Seniores"]
[Site "Arco ITA"]
[Date "2010.10.29"]
[Round "4"]
[White "Jadrijevic, Ante"]
[Black "Limberg, Siegfried"]
[WhiteElo "2242"]
[BlackElo "2139"]
[Result "1-0"]
[PlyCount "60"]
[EventDate "2010.10.26"]

1. d4 d5 2. Nf3 Nf6 3. e3 g6 4. c4 e6 5. Nc3 Bg7 6. Be2 O-O 7. O-O Nbd7 8. b4
c6 9. Qb3 Qc7 10. Bb2 dxc4 11. Bxc4 Nb6 12. Be2 Nbd5 13. Rac1 Nxc3 14. Bxc3 Qd8
15. Rfd1 Nd5 16. Bb2 Qb6 17. a3 Rd8 18. Nd2 Re8 19. Nc4 Qd8 20. a4 Bf8 21. b5
cxb5 22. axb5 b6 23. e4 Nf4 24. Bf3 Bb7 25. d5 exd5 26. Ne3 Rc8 27. Ra1 Qe7 28.
exd5 Qb4 29. Qxb4 Bxb4 30. Rxa7 Rb8 1-0

[Event "XX C.to Mondiale Seniores"]
[Site "Arco ITA"]
[Date "2010.10.29"]
[Round "4"]
[White "Jansa, Vlastimil"]
[Black "Roth, Peter"]
[WhiteElo "2499"]
[BlackElo "2260"]
[Result "1-0"]
[PlyCount "65"]
[EventDate "2010.10.26"]

1. e4 e6 2. d4 d5 3. Nd2 dxe4 4. Nxe4 Nd7 5. Nf3 Ngf6 6. Nxf6+ Nxf6 7. Ne5 a6
8. Bd3 c5 9. Be3 Qc7 10. Qe2 Nd5 11. c3 cxd4 12. Bxd4 Nf4 13. Qf3 Nxd3+ 14.
Nxd3 f6 15. O-O-O Bd6 16. Qe3 Kf7 17. f4 Re8 18. Rhe1 Bd7 19. Bb6 Qc6 20. Nf2
Re7 21. g3 Bc7 22. Bc5 Ree8 23. Ne4 Red8 24. g4 Kg8 25. Be7 Re8 26. Bxf6 Rf8
27. Be5 Bb6 28. Qg3 Qa4 29. Kb1 Bc6 30. Nd6 Bd5 31. c4 Bc6 32. b3 Qa3 33. Bb2
1-0